Countries that use Rupee/Rupiah/Rufiyaa - Statistics

General Stats
  • This quiz has been taken 18 times
  • The average score is 6 of 8
Answer Stats
Country % Correct
India
100%
Sri Lanka
88%
Maldives
81%
Pakistan
81%
Indonesia
75%
Nepal
75%
Mauritius
56%
Seychelles
44%
No matching quizzes found
Score Distribution
Percent of People with Each Score
Percentile by Number Answered
Your Score History
You have not taken this quiz